| 000 | 01393cam a22002891i 4500 | ||
|---|---|---|---|
| 003 | SA-RiAUC | ||
| 005 | 20251228073349.0 | ||
| 008 | 251223s2002 su o g b i000 0dara c | ||
| 040 |
_aSA-JeALM _bara _cSA-RiAUC _erda |
||
| 043 |
_aa-su--- _aawgz--- |
||
| 050 | 4 | _bR33 2002 | |
| 082 | 0 | 4 |
_a327.16095690531 _qSA-RiAUC |
| 090 |
_a327.16095690531 _bر ا ب |
||
| 110 | 2 |
_aرابطة العالم الإسلامي (مكة المكرمة) _eمؤلف. |
|
| 245 | 1 | 2 |
_aجهود خادم الحرمين الشريفين الملك فهد بن عبد العزيز آل سعود في دعم قضية القدس / _cرابطة العالم الإسلامي. |
| 264 | 1 |
_aالرياض : _bرابطة العالم الإسلامي، _c2002 |
|
| 300 |
_a131 صفحة : _bصور ؛ _c28 سم |
||
| 336 |
_aنص _btxt _2rdacontent _3كتاب |
||
| 337 |
_aبدون وسيط _bn _2rdamedia |
||
| 504 | _aبيبليوجرافية : صفحة 126-131. | ||
| 600 | 1 | 7 |
_aآل سعود، فهد بن عبد العزيز بن عبد الرحمن، _cملك السعودية، _d1340-1426 هجري _2aucnm |
| 650 | 7 |
_aالنزاع العربي الإسرائيلي _2aucsh |
|
| 651 | 7 |
_aالسعودية _xعلاقات خارجية _zفلسطين _2aucsh |
|
| 651 | 7 |
_aفلسطين _xعلاقات خارجية _zالسعودية _2aucsh |
|
| 942 |
_2ddc _cBOOK _n0 |
||
| 949 |
_aSA-JeALM _d251223 _uosman123 _n1 |
||
| 999 |
_c13734 _d13734 |
||